Informational theories of legislative organization (Registro nro. 12879)

Detalles MARC
000 -CABECERA
Campo de control 005960000a22001930004500
090 ## - CLASIFICACIÓN LOCAL
Colección AR
Consecutivo 03844
041 0# - IDIOMA
Código de idioma para texto/pista de sonido o título separado
044 ## - PAÍS DE PUBLICACIÓN
País de publicación
100 1# - ASIENTO PRINCIPAL--NOMBRE PERSONAL
Nombre personal Madison, James
245 10 - MENCION DE TITULO
Título Informational theories of legislative organization
260 ## - PUBLICACION, DISTRIBUCION, ETC. (PIE DE IMPRENTA)
Lugar de publicación, distribución, etc. Michigan
Nombre del editor, distribuidor, etc. University of Michigan Press
Fecha de publicación, distribución, etc. 1991
300 ## - DESCRIPCION FISICA
Extensión p. 61-103
500 ## - NOTA GENERAL
Nota general <Colección Recursos Genéticos>
650 14 - ASIENTO SECUNDARIO DE MATERIA - TERMINO TEMATICO
Término temático o nombre geográfico como elemento de entrada Ciencias políticas
650 14 - ASIENTO SECUNDARIO DE MATERIA - TERMINO TEMATICO
Término temático o nombre geográfico como elemento de entrada Comunicación
700 1# - ASIENTO SECUNDARIO - NOMBRE PERSONAL
Nombre personal Deutsch, Karl
773 1# - Item fuente:
Título In krehbiel, Keith/ Information and legislative organization
942 ## - ELEMENTOS ADICIONALES (KOHA)
Tipo de ítem Artículo
Existencias
Withdrawn status Lost status Damaged status No para préstamo Colección Ubicación Permanente Ubicación actual Fecha de adquisición Datos de publicación Seriada Total Checkouts Número topográfico Inventario / Código de Barras Date last seen Ejemplar Price effective from Forma de adquisición Tipo de material
      No para Préstamo Hemeroteca Bogotá Bogotá 27/02/2015 Fuera de circulación   AR 03844 017404 25/03/2015 1 25/03/2015   Artículo
      No para Préstamo Hemeroteca Bogotá Bogotá 27/02/2015 Fuera de circulación   AR 03844 017405 25/03/2015 2 25/03/2015   Artículo